MARC

LEADER 00000nam0a2200000 4500
001 366040
005 20231102011837.0
035 |a (RuTPU)RU\TPU\retro\23403 
090 |a 366040 
100 |a 20220127d1979 km y0rusy50 ca 
101 0 |a rus 
102 |a RU 
105 |a a z 001zy 
200 1 |a Физическая химия гидротермальных систем с углекислотой  |f С. Д. Малинин  |g Академия наук СССР, Институт геохимии и аналитической химии им. В. И. Вернадского 
210 |a Москва  |c Наука  |d 1979 
215 |a 112 с.  |c ил. 
320 |a Библиогр.: с. 106-111 
606 1 |a Гидротермальные месторождения  |2 stltpush  |3 (RuTPU)RU\TPU\subj\6806  |9 34598 
610 1 |a углекислота 
610 1 |a равновесие 
610 1 |a водные растворы 
610 1 |a соли 
610 1 |a жильные породы 
610 1 |a физико-химические данные 
610 1 |a минералообразование 
610 1 |a минеральный ссинтез 
675 |a 553.065  |v 4 
700 1 |a Малинин  |b С. Д.  |g Сергей Дмитриевич 
712 0 2 |a Академия наук СССР  |b Институт геохимии и аналитической химии им. В. И. Вернадского  |c (Москва)  |2 stltpush  |3 (RuTPU)RU\TPU\col\11383  |9 25078 
801 1 |a RU  |b 63413507  |c 20220127 
942 |c BK